| Поле | Инд. | ПП | Название | Значение |
|---|---|---|---|---|
| Тип записи | a | |||
| Библиографический уровень | m | |||
| 001 | Контрольный номер | 4ed73f9e87be4dcc8f14d66473534f34 | ||
| 005 | Дата корректировки | 20251209114450.1 | ||
| 020 | a | ISBN | 978-5-91326-831-0 | |
| 080 | a | Индекс УДК | 343.9 | |
| 080 | a | Индекс УДК | 80 | |
| 084 | a | Индекс другой классификации/Индекс ББК | Ш11 | |
| 084 | a | Индекс другой классификации/Индекс ББК | Ш10 | |
| 084 | a | Индекс другой классификации/Индекс ББК | Х53 | |
| 090 | a | Полочн. индекс | Ш11 | |
| x | Авторский знак | М 87 | ||
| 097 | b | Оператор | *Ст* | |
| 097 | b | Оператор | *Мал* | |
| 100 | 1_ | a | Автор | Моштылева Е. |
| 245 | 10 | a | Заглавие | Нарративность бытия |
| c | Ответственность | Национальный исследовательский Нижегородский государственный университет имени Н.И. Лобачевского | ||
| b | Продолж. заглавия | повествовательные модели интернет-дискурса | ||
| b | Продолж. заглавия | монография | ||
| 260 | a | Место издания | Нижний Новгород | |
| c | Дата издания | 2023 | ||
| b | Издательство | Национальный исследовательский Нижегородский государственный университет имени Н.И. Лобачевского | ||
| 300 | a | Объем | 173 с. | |
| 516 | 8_ | a | Прим. о типе комп. файла/ данных | Текст : непосредственный |
| 520 | 0_ | a | Аннотация | Монография содержит уточнение методики анализа моделей наррации (в том числе во внехудожественных сферах употребления языка) в русскоязычной интернет-коммуникации на основе теоретических принципов лингвистики нарратива как междисциплинарного и антропоориентированного направления в современном гуманитарном знании. Основные положения и выводы могут быть использованы для самостоятельной работы студентов, обучающихся по направлению подготовки 45.04.01 “Филология”, специальности 40.05.03 “Судебная экспертиза”, а также в преподавании вузовских общих и специальных курсов по лингвистическому анализу текста, когнитивно-дискурсивному анализу, нарратологии, лингвистик нарратива, интернет-лингвистике и пр., а также в практике производства лингвистической экспертизы интернет-текстов по разным категориям дел. |
| 653 | 0_ | a | Ключевые слова | Лингвистика |
| a | Ключевые слова | Нарратология | ||
| a | Ключевые слова | Интернет-коммуникации | ||
| a | Ключевые слова | Лингвопрагматический анализ | ||
| a | Ключевые слова | Лингвостилистический анализ | ||
| 655 | a | Жанр/ форма (устаревшее) | *Н* | |
| 901 | t | Тип документа | m | |
| 905 | b | Дата создания записи обработка | 09.12.25 | |
| 922 | d | Кафедра (список) | Экономика и управление производством | |
| d | Кафедра (список) | Русский язык | ||
| 952 | e | Факультет | *ФМАС* | |
| e | Факультет | *ФУСК* | ||
| 952 | a | Тип литературы для КСУ ВШ | *Н* | |
| 990 | h | N записи в КСУ для Б/У (DOS) | 7/2025 | |
| 990 | f | Даты поступлений (DOS) | 17.01.25 | |
| g | Размещение заказа (DOS) | пожертвование православного Прихода Успенского | ||
| j | Количество экземпляров (DOS) | 1 |